000
00245nam a2200085Ia 4500
245
0
_a
Starting your own business
100
_a
Illetschko, Kurt South Africa, 2011 1st ed
_9
68977
942
_c
BK
008
210817s9999 xx 000 0 und d
999
_c
325036
_d
325035